[Event "BCF-chT4 0607 (4NCL)"]
[Site "Sunningdale"]
[Date "2007.05.27"]
[Round "10.101"]
[White "Healey, Michael W"]
[Black "Lutton, E Josiah"]
[Result "1/2-1/2"]
[WhiteElo "2012"]
[BlackElo "2080"]
[PlyCount "40"]
[EventDate "2006.09.16"]
[EventType "team"]
[EventRounds "11"]
[EventCountry "ENG"]
[SourceTitle "EXT 2008"]
[Source "ChessBase"]
[SourceDate "2007.11.25"]
[SourceVersion "1"]
[SourceVersionDate "2007.11.25"]
[SourceQuality "1"]
[WhiteTeam "King supp Pawn"]
[BlackTeam "SC Stars"]
[WhiteTeamCountry "ENG"]
[BlackTeamCountry "ENG"]

1. b3 e5 2. Bb2 Nc6 3. e3 d6 4. g3 f5 5. Bg2 Nf6 6. Ne2 Be7 7. d4 e4 8. d5 Ne5 9. Na3 0-0 10. Nc4 Nxc4 11. bxc4 Nd7 12. h4 Bf6 13. Bxf6 Qxf6 14. Qd4 Ne5 15. 0-0 b6 16. Rab1 a5 17. Nc3 Ba6 18. Nb5 Rf7 19. f4 Ng4 20. Qxf6 Nxf6 1/2-1/2

[Event "BCF-chT4 0607 (4NCL)"]
[Site "Sunningdale"]
[Date "2007.05.26"]
[Round "9.131"]
[White "Lutton, E Josiah"]
[Black "Siebenhaar, Erich"]
[Result "1/2-1/2"]
[WhiteElo "2080"]
[BlackElo "2127"]
[PlyCount "44"]
[EventDate "2006.09.16"]
[EventType "team"]
[EventRounds "11"]
[EventCountry "ENG"]
[SourceTitle "EXT 2008"]
[Source "ChessBase"]
[SourceDate "2007.11.25"]
[SourceVersion "1"]
[SourceVersionDate "2007.11.25"]
[SourceQuality "1"]
[WhiteTeam "SC Stars"]
[BlackTeam "Addlestone"]
[WhiteTeamCountry "ENG"]
[BlackTeamCountry "ENG"]

1. e4 Nf6 2. Nc3 d5 3. d3 dxe4 4. Bg5 Bg4 5. Qd2 exd3 6. Bxd3 Nbd7 7. Nge2 c6 8. 0-0-0 Qa5 9. f3 Bh5 10. Ng3 0-0-0 11. Qf4 Bg6 12. Bxg6 hxg6 13. h4 Qe5 14. Qd2 Qc7 15. Nge4 Nxe4 16. Nxe4 f6 17. Be3 b6 18. Qe2 Rh5 19. Qc4 Kb7 20. g4 Rh8 21. Qe6 Nb8 22. Rxd8 Qxd8 1/2-1/2

[Event "BCF-chT4 0607 (4NCL)"]
[Site "Sunningdale"]
[Date "2007.02.11"]
[Round "6.1"]
[White "Hackett, David G"]
[Black "Lutton, E Josiah"]
[Result "1-0"]
[WhiteElo "2150"]
[BlackElo "2086"]
[PlyCount "53"]
[EventDate "2006.09.16"]
[EventType "team"]
[EventRounds "11"]
[EventCountry "ENG"]
[SourceTitle "EXT 2008"]
[Source "ChessBase"]
[SourceDate "2007.11.25"]
[SourceVersion "1"]
[SourceVersionDate "2007.11.25"]
[SourceQuality "1"]
[WhiteTeam "Oxford II"]
[BlackTeam "SC Stars"]
[WhiteTeamCountry "ENG"]
[BlackTeamCountry "ENG"]

1. e4 e6 2. d4 d5 3. e5 c5 4. c3 Nc6 5. Nf3 Bd7 6. Bd3 cxd4 7. cxd4 Qb6 8. 0-0 Nxd4 9. Nxd4 Qxd4 10. Nc3 Qb6 11. Qe2 Ne7 12. Bf4 Ng6 13. Bg3 Be7 14. Kh1 Bh4 15. Bxh4 Nxh4 16. f4 g6 17. Nb5 Nf5 18. g4 Ne3 19. Nd6+ Kf8 20. f5 d4 21. fxg6 Bc6+ 22. Kg1 f5 23. gxf5 hxg6 24. fxg6+ Ke7 25. Rf7+ Kd8 26. g7 Rg8 27. Qh5 1-0

[Event "BCF-chT4 0506 (4NCL)"]
[Site "West Bromwich"]
[Date "2006.05.27"]
[Round "9.2"]
[White "Lutton, E Josiah"]
[Black "Calvert, David Ian"]
[Result "1-0"]
[WhiteElo "2125"]
[BlackElo "2075"]
[PlyCount "83"]
[EventDate "2005.11.05"]
[EventType "team"]
[EventRounds "11"]
[EventCountry "ENG"]
[SourceTitle "CBM 109 Extra"]
[Source "ChessBase"]
[SourceDate "2006.01.03"]
[SourceVersion "2"]
[SourceVersionDate "2006.01.03"]
[SourceQuality "1"]
[WhiteTeam "SC Stars"]
[BlackTeam "Metropolitan"]
[WhiteTeamCountry "ENG"]
[BlackTeamCountry "ENG"]

1. e4 d5 2. Nc3 dxe4 3. Nxe4 Nd7 4. Nf3 Ngf6 5. Ng3 e6 6. d4 Be7 7. Bd3 c5 8. c3 cxd4 9. cxd4 Nd5 10. Ne4 N7f6 11. Nxf6+ Bxf6 12. Ne5 0-0 13. h4 Bxe5 14. dxe5 Nb4 15. Be4 Qxd1+ 16. Kxd1 Rd8+ 17. Ke2 Bd7 18. Bg5 Bb5+ 19. Kf3 Rd7 20. Rhd1 Nd5 21. Rac1 h6 22. Be3 Bc6 23. a3 a6 24. Bc5 Rad8 25. Kg3 f5 26. Bf3 g5 27. Bd6 g4 28. Be2 h5 29. Kh2 f4 30. Bxa6 Kf7 31. Be2 Ne7 32. b4 Nf5 33. b5 Bd5 34. Rc7 Nxh4 35. b6 Kg6 36. Bb5 Rxd6 37. exd6 Rxd6 38. Rxb7 g3+ 39. fxg3 fxg3+ 40. Kg1 Bxb7 41. Rxd6 Bxg2 42. Bc6 1-0

[Event "Southend op"]
[Site "London"]
[Date "2005.03.27"]
[Round "5"]
[White "Webster, Richard J"]
[Black "Lutton, E Josiah"]
[Result "0-1"]
[WhiteElo "1968"]
[BlackElo "2062"]
[PlyCount "114"]
[EventDate "2005.03.25"]
[EventType "swiss"]
[EventRounds "7"]
[EventCountry "ENG"]
[SourceTitle "EXT 2006"]
[Source "ChessBase"]
[SourceDate "2005.11.24"]
[SourceVersion "1"]
[SourceVersionDate "2005.11.24"]
[SourceQuality "1"]

1. d4 e6 2. Nf3 b5 3. Bf4 Bb7 4. e3 a6 5. Be2 d6 6. 0-0 Nd7 7. Nbd2 Ngf6 8. h3 c5 9. c3 Qc7 10. a4 c4 11. axb5 axb5 12. Qc2 Be7 13. b3 Nb6 14. Rxa8+ Bxa8 15. bxc4 bxc4 16. Nxc4 0-0 17. Nxb6 Qxb6 18. c4 Rc8 19. Rc1 Ne4 20. Nd2 Nxd2 21. Qxd2 g5 22. Bg3 f5 23. f3 Bf6 24. Bf2 h6 25. Qa2 Bb7 26. c5 dxc5 27. Rxc5 Ra8 28. Rb5 Rxa2 29. Rxb6 Rxe2 30. Rxb7 Kf8 31. Kf1 Ra2 32. Rb1 Kf7 33. g4 f4 34. e4 Ra3 35. Ke2 Ra2+ 36. Kf1 Ra3 37. Kg2 Ra2 38. Rd1 Be7 39. Kf1 Bb4 40. h4 Ra3 41. Kg2 Ra2 42. h5 Bd2 43. Kf1 Be3 44. Bxe3 fxe3 45. Rd3 Rf2+ 46. Ke1 Rxf3 47. Ke2 Rf4 48. Rxe3 Rxg4 49. Kf3 Rh4 50. Kg3 Rxh5 51. Rf3+ Ke7 52. e5 Rh4 53. Rf6 Kd7 54. Rg6 Rxd4 55. Rxh6 Re4 56. Rg6 Rxe5 57. Kg4 Kd6 0-1

[Event "Specsavers YM 14th"]
[Site "Millfield"]
[Date "2004.07.22"]
[Round "6"]
[White "Lutton, E Josiah"]
[Black "Murray, David"]
[Result "1-0"]
[WhiteElo "2062"]
[BlackElo "1985"]
[PlyCount "61"]
[EventDate "2004.07.19"]
[EventType "swiss"]
[EventRounds "10"]
[EventCountry "ENG"]
[SourceTitle "CBM 101 Extra"]
[Source "ChessBase"]
[SourceDate "2004.09.01"]
[SourceVersion "2"]
[SourceVersionDate "2004.09.01"]
[SourceQuality "1"]

1. e4 e6 2. Nc3 d5 3. d4 Bb4 4. e5 c5 5. Bd2 Ne7 6. Nb5 Bxd2+ 7. Qxd2 0-0 8. c3 Nbc6 9. f4 cxd4 10. cxd4 Bd7 11. Nf3 a6 12. Nd6 Qc7 13. Bd3 Nc8 14. Nxc8 Raxc8 15. 0-0 f6 16. Qf2 Qb6 17. Rad1 f5 18. Bb1 Ne7 19. g4 fxg4 20. Qh4 gxf3 21. Qxe7 Qxb2 22. Rf2 Qb5 23. Kh1 Rf7 24. Bxh7+ Kxh7 25. Qxf7 Be8 26. Qxe6 Qd7 27. Qxd7 Bxd7 28. Re1 Bg4 29. h3 Bh5 30. e6 Kg6 31. Re5 1-0

[Event "BCF-chT3 0304 (4NCL)"]
[Site "West Bromwich"]
[Date "2004.05.30"]
[Round "8.3"]
[White "Lutton, E Josiah"]
[Black "Smith, Graham M"]
[Result "1/2-1/2"]
[WhiteElo "2050"]
[BlackElo "2165"]
[PlyCount "53"]
[EventDate "2003.11.23"]
[EventType "team"]
[EventRounds "11"]
[EventCountry "ENG"]
[SourceTitle "EXT 2005"]
[Source "ChessBase"]
[SourceDate "2004.11.15"]
[SourceVersion "1"]
[SourceVersionDate "2004.11.15"]
[SourceQuality "1"]
[WhiteTeam "South County Stars"]
[BlackTeam "FCA Solutions"]
[WhiteTeamCountry "ENG"]
[BlackTeamCountry "ENG"]

1. e4 d6 2. Nc3 g6 3. f4 Bg7 4. Nf3 Nf6 5. Be2 0-0 6. 0-0 c5 7. Qe1 Nc6 8. d3 Bg4 9. h3 Bxf3 10. Bxf3 Nd4 11. Bd1 b5 12. g4 b4 13. Ne2 Qb6 14. Nxd4 cxd4 15. g5 Nd7 16. Bg4 Rfd8 17. f5 Ne5 18. f6 Bf8 19. Qg3 e6 20. h4 Nxg4 21. Qxg4 d5 22. e5 Rac8 23. Rf2 Rc7 24. h5 Rdd7 25. hxg6 fxg6 26. b3 Rf7 27. Bb2 1/2-1/2

[Event "Southend op"]
[Site "London"]
[Date "2004.04.11"]
[Round "6"]
[White "Lutton, E Josiah"]
[Black "Arnott, Jonathan"]
[Result "1/2-1/2"]
[WhiteElo "2050"]
[BlackElo "2126"]
[PlyCount "35"]
[EventDate "2004.04.09"]
[EventType "swiss"]
[EventRounds "7"]
[EventCountry "ENG"]
[SourceTitle "EXT 2006"]
[Source "ChessBase"]
[SourceDate "2005.11.24"]
[SourceVersion "1"]
[SourceVersionDate "2005.11.24"]
[SourceQuality "1"]

1. e4 e6 2. Nc3 d5 3. d4 Nf6 4. Bg5 Be7 5. e5 Nfd7 6. Bxe7 Qxe7 7. f4 a6 8. Nf3 b5 9. Bd3 c5 10. a3 Nc6 11. 0-0 c4 12. Be2 g6 13. b4 Nb6 14. Na2 Bb7 15. c3 Qc7 16. Qd2 Ne7 17. Kf2 0-0-0 18. h4 1/2-1/2

[Event "Ampleforth op U20"]
[Site "Ampleforth"]
[Date "2003.11.02"]
[Round "7"]
[White "Lutton, E Josiah"]
[Black "Plant, Paul RJ"]
[Result "1-0"]
[WhiteElo "2031"]
[BlackElo "2090"]
[PlyCount "77"]
[EventDate "2003.10.30"]
[EventType "swiss"]
[EventRounds "8"]
[EventCountry "ENG"]
[SourceTitle "CBM 097 Extra"]
[Source "ChessBase"]
[SourceDate "2004.01.13"]
[SourceVersion "1"]
[SourceVersionDate "2004.01.13"]
[SourceQuality "1"]

1. e4 e6 2. Nc3 d5 3. d4 Nf6 4. Bg5 Be7 5. e5 Nfd7 6. Bxe7 Qxe7 7. f4 0-0 8. Nf3 c5 9. Bd3 f5 10. 0-0 Nc6 11. Qe1 a6 12. a4 cxd4 13. Ne2 Nc5 14. Nexd4 Nxd4 15. Nxd4 Nxd3 16. cxd3 Qc5 17. Qc3 Qxc3 18. bxc3 Rf7 19. Rfb1 Rc7 20. Ra3 Bd7 21. Rb6 Rac8 22. Rd6 Kf7 23. c4 dxc4 24. dxc4 Ke7 25. Rd3 Rxc4 26. Nxf5+ exf5 27. Rxd7+ Kf8 28. Rxb7 Rxf4 29. h3 Rxa4 30. Rdd7 Re4 31. Rf7+ Kg8 32. Rxg7+ Kh8 33. Rxh7+ Kg8 34. Rhe7 a5 35. e6 Rh4 36. Rg7+ Kh8 37. Rbf7 f4 38. e7 Re8 39. Rg5 1-0

[Event "Ampleforth op U20"]
[Site "Ampleforth"]
[Date "2003.11.02"]
[Round "8"]
[White "Pym, Thomas TW"]
[Black "Lutton, E Josiah"]
[Result "1-0"]
[WhiteElo "2005"]
[BlackElo "2031"]
[PlyCount "75"]
[EventDate "2003.10.30"]
[EventType "swiss"]
[EventRounds "8"]
[EventCountry "ENG"]
[SourceTitle "CBM 097 Extra"]
[Source "ChessBase"]
[SourceDate "2004.01.13"]
[SourceVersion "1"]
[SourceVersionDate "2004.01.13"]
[SourceQuality "1"]

1. e4 Nc6 2. Nf3 f5 3. exf5 d5 4. g4 Nf6 5. g5 Ne4 6. d3 Nd6 7. Bf4 Bxf5 8. Nbd2 e6 9. Qe2 Bg4 10. h3 Nd4 11. Qd1 Bh5 12. c3 Nxf3+ 13. Nxf3 Nf7 14. Qe2 Qd7 15. 0-0-0 Bd6 16. Bxd6 Qxd6 17. Qe3 0-0-0 18. Re1 Bxf3 19. Qxf3 Nxg5 20. Qe3 h6 21. h4 Nf7 22. Qxa7 b6 23. Rxe6 Qf4+ 24. Re3 g5 25. Qa8+ Kd7 26. Qxd5+ Kc8 27. Qe6+ Kb8 28. Bg2 Qxf2 29. Qe4 c6 30. Rf1 Nd6 31. Rxf2 Nxe4 32. Bxe4 Rde8 33. Ref3 g4 34. Rf7 g3 35. Rf1 Rhg8 36. Rg1 Re6 37. Rf3 g2 38. Rf2 1-0

[Event "Monarch Assurance 12th"]
[Site "Port Erin"]
[Date "2003.09.27"]
[Round "1"]
[White "Allen, Keith"]
[Black "Lutton, E Josiah"]
[Result "1-0"]
[WhiteElo "2224"]
[BlackElo "2031"]
[PlyCount "37"]
[EventDate "2003.09.27"]
[EventType "swiss"]
[EventRounds "9"]
[EventCountry "IOM"]
[SourceTitle "CBM 096 Extra"]
[Source "ChessBase"]
[SourceDate "2003.10.22"]
[SourceVersion "2"]
[SourceVersionDate "2003.10.20"]
[SourceQuality "1"]

1. d4 e6 2. c4 Nf6 3. Nc3 Bb4 4. Qc2 d6 5. e4 c5 6. d5 Qe7 7. dxe6 Qxe6 8. Bd3 Nc6 9. Nge2 Bxc3+ 10. Qxc3 Ne5 11. f3 Nfd7 12. b3 Qf6 13. Bc2 Qh4+ 14. Ng3 Nf6 15. Be3 Be6 16. 0-0-0 0-0-0 17. Rxd6 Rxd6 18. Qxe5 Rc6 19. Bg5 1-0

[Event "Monarch Assurance 12th"]
[Site "Port Erin"]
[Date "2003.09.02"]
[Round "6"]
[White "Lutton, E Josiah"]
[Black "Spence, David"]
[Result "1/2-1/2"]
[WhiteElo "2031"]
[BlackElo "2187"]
[PlyCount "80"]
[EventDate "2003.09.27"]
[EventType "swiss"]
[EventRounds "9"]
[EventCountry "IOM"]
[SourceTitle "CBM 096 Extra"]
[Source "ChessBase"]
[SourceDate "2003.10.22"]
[SourceVersion "2"]
[SourceVersionDate "2003.10.20"]
[SourceQuality "1"]

1. e4 e6 2. Nc3 d5 3. d4 Bb4 4. e5 c5 5. Bd2 Ne7 6. Nb5 Bxd2+ 7. Qxd2 0-0 8. dxc5 Nbc6 9. f4 b6 10. cxb6 Qxb6 11. c3 Rb8 12. b3 Bd7 13. Nd4 f6 14. Ngf3 fxe5 15. fxe5 Qc7 16. Nb5 Qa5 17. Nbd4 Ng6 18. Nxc6 Bxc6 19. Bd3 Rxb3 20. 0-0 Qc5+ 21. Nd4 Rbb8 22. Bxg6 hxg6 23. Kh1 Bd7 24. Qc2 Kh7 25. Qd3 Rbc8 26. Rxf8 Rxf8 27. Rb1 Rc8 28. h3 Qxc3 29. Qxc3 Rxc3 30. Rb7 Bc8 31. Rxa7 Rc4 32. Nb5 g5 33. Nd6 Rc1+ 34. Kh2 Kg6 35. Kg3 Rc3+ 36. Kf2 g4 37. hxg4 Kg5 38. Re7 Kf4 39. Nxc8 Rxc8 40. Rxe6 Rc2+ 1/2-1/2

[Event "Southend op"]
[Site "London"]
[Date "2003.04.19"]
[Round "3"]
[White "Harman, Kenneth B"]
[Black "Lutton, E Josiah"]
[Result "1-0"]
[WhiteElo "2130"]
[BlackElo "2032"]
[PlyCount "55"]
[EventDate "2003.04.18"]
[EventType "swiss"]
[EventRounds "7"]
[EventCountry "ENG"]
[SourceTitle "EXT 2006"]
[Source "ChessBase"]
[SourceDate "2005.11.24"]
[SourceVersion "1"]
[SourceVersionDate "2005.11.24"]
[SourceQuality "1"]

1. d4 e6 2. c4 Nf6 3. Nf3 b6 4. g3 Bb7 5. Bg2 c5 6. 0-0 cxd4 7. Nxd4 Bxg2 8. Kxg2 Bc5 9. Nb3 Be7 10. Nc3 0-0 11. Bf4 Nc6 12. Rc1 d6 13. Qd2 Qd7 14. Rfd1 Rfd8 15. Nb5 e5 16. Be3 d5 17. cxd5 Nxd5 18. Qxd5 Qb7 19. Qxc6 Qxc6+ 20. Rxc6 Rxd1 21. Rc7 a6 22. Nc3 Bd8 23. Rc6 Rd7 24. Bxb6 Bxb6 25. Rxb6 a5 26. Nxa5 f6 27. Nb3 Rc7 28. a4 1-0

[Event "Southend op"]
[Site "London"]
[Date "2003.04.18"]
[Round "2"]
[White "Lutton, E Josiah"]
[Black "Muter, Donny"]
[Result "1/2-1/2"]
[WhiteElo "2032"]
[BlackElo "2124"]
[PlyCount "46"]
[EventDate "2003.04.18"]
[EventType "swiss"]
[EventRounds "7"]
[EventCountry "ENG"]
[SourceTitle "EXT 2006"]
[Source "ChessBase"]
[SourceDate "2005.11.24"]
[SourceVersion "1"]
[SourceVersionDate "2005.11.24"]
[SourceQuality "1"]

1. Nc3 d6 2. e4 c6 3. f4 b5 4. a3 Nd7 5. Nf3 g6 6. Be2 Bg7 7. 0-0 Qc7 8. d3 Ngf6 9. Qe1 a5 10. Bd1 e5 11. d4 Ba6 12. fxe5 dxe5 13. dxe5 Nxe5 14. Nxe5 Qxe5 15. Bf4 Qc5+ 16. Kh1 Nd7 17. Bg4 Ne5 18. Bxe5 Bxe5 19. Qd2 0-0 20. Rf3 Qe7 21. Qd7 Qxd7 22. Bxd7 Bb7 23. Rd1 Kg7 1/2-1/2

[Event "BCF-chT3 0203 (4NCL)"]
[Site "West Bromwich"]
[Date "2003.04.13"]
[Round "8.3"]
[White "Curtis, John E"]
[Black "Lutton, E Josiah"]
[Result "1-0"]
[WhiteElo "2143"]
[BlackElo "2032"]
[PlyCount "101"]
[EventDate "2002.11.??"]
[EventType "team"]
[EventRounds "11"]
[EventCountry "ENG"]
[SourceTitle "EXT 2004"]
[Source "ChessBase"]
[SourceDate "2003.11.25"]
[SourceVersion "1"]
[SourceVersionDate "2003.11.25"]
[SourceQuality "1"]
[WhiteTeam "Bristol II"]
[BlackTeam "South County Stars"]
[WhiteTeamCountry "ENG"]
[BlackTeamCountry "ENG"]

1. d4 e6 2. Nd2 b6 3. e4 Bb7 4. Ngf3 c5 5. c3 d6 6. Bd3 Nf6 7. 0-0 Nbd7 8. Qe2 Be7 9. e5 dxe5 10. dxe5 Nd5 11. Ne4 Qc7 12. Ng3 h6 13. a3 Bg5 14. Nxg5 hxg5 15. Bxg5 Nxe5 16. Bb5+ Bc6 17. Rad1 f6 18. Bxc6+ Qxc6 19. c4 Nxc4 20. Qxc4 fxg5 21. Ne4 Rh5 22. b4 Rc8 23. bxc5 bxc5 24. Rfe1 Kf7 25. Qe2 g6 26. Qg4 Re8 27. Nxg5+ Kf6 28. h4 Re7 29. Qf3+ Kg7 30. Rxd5 Qxd5 31. Qxd5 exd5 32. Rxe7+ Kf6 33. Rxa7 Rxh4 34. Nf3 Rc4 35. Kf1 Rc2 36. Rd7 d4 37. Ke1 Ke6 38. Rd8 Ke7 39. Rc8 d3 40. Nd2 Ke6 41. Kd1 Ke5 42. Rd8 c4 43. Nxc4+ Rxc4 44. Rxd3 g5 45. Kd2 g4 46. Re3+ Kf4 47. Rb3 Rc5 48. Rb4+ Kg5 49. a4 Rc6 50. a5 Ra6 51. Ra4 1-0

[Event "BCF-chT3 0203 (4NCL)"]
[Site "West Bromwich"]
[Date "2003.03.09"]
[Round "6.3"]
[White "Lutton, E Josiah"]
[Black "Bentley, John L"]
[Result "0-1"]
[WhiteElo "2042"]
[BlackElo "2163"]
[PlyCount "102"]
[EventDate "2002.11.??"]
[EventType "team"]
[EventRounds "11"]
[EventCountry "ENG"]
[SourceTitle "EXT 2004"]
[Source "ChessBase"]
[SourceDate "2003.11.25"]
[SourceVersion "1"]
[SourceVersionDate "2003.11.25"]
[SourceQuality "1"]
[WhiteTeam "South County Stars"]
[BlackTeam "Numerica 3CS II"]
[WhiteTeamCountry "ENG"]
[BlackTeamCountry "ENG"]

1. Nc3 d5 2. e4 d4 3. Nce2 e5 4. d3 c5 5. f4 Nc6 6. g3 f6 7. Bg2 Be6 8. Nf3 Bd6 9. 0-0 Qd7 10. Kh1 Nge7 11. Qe1 0-0-0 12. b3 h6 13. Nd2 b5 14. f5 Bf7 15. Nf3 Kb8 16. a4 a6 17. Bd2 Rc8 18. Qb1 Rc7 19. Qb2 Rhc8 20. Ra2 Ra7 21. g4 Rcc7 22. h4 Rcb7 23. axb5 axb5 24. Rfa1 Rxa2 25. Qxa2 Ra7 26. Qb1 Rxa1 27. Qxa1 Qa7 28. Qb2 Kc7 29. g5 hxg5 30. hxg5 c4 31. bxc4 bxc4 32. g6 Bg8 33. dxc4 Bxc4 34. Ng3 Nc8 35. Ne1 Nb6 36. Nd3 Qa4 37. Bf1 Bg8 38. Nh5 Nc4 39. Qc1 Nxd2 40. Qxd2 Bf8 41. Qc1 Qa5 42. Qd1 Qc3 43. Kg2 Bc4 44. Be2 Bb5 45. Qc1 Ba4 46. Bd1 Na5 47. Kf2 Nc4 48. Ke2 Bc6 49. Nf2 Ba3 50. Qb1 Qe3+ 51. Kf1 Nd2+ 0-1

[Event "BCF-chT3 0203 (4NCL)"]
[Site "West Bromwich"]
[Date "2002.11.10"]
[Round "2.2"]
[White "Morris, Gareth"]
[Black "Lutton, E Josiah"]
[Result "0-1"]
[WhiteElo "2174"]
[BlackElo "2042"]
[PlyCount "64"]
[EventDate "2002.11.??"]
[EventType "team"]
[EventRounds "11"]
[EventCountry "ENG"]
[SourceTitle "EXT 2004"]
[Source "ChessBase"]
[SourceDate "2003.11.25"]
[SourceVersion "1"]
[SourceVersionDate "2003.11.25"]
[SourceQuality "1"]
[WhiteTeam "Nidum Knights"]
[BlackTeam "South County Stars"]
[WhiteTeamCountry "ENG"]
[BlackTeamCountry "ENG"]

1. d4 e6 2. c4 Nf6 3. g3 Bb4+ 4. Bd2 a5 5. Bg2 0-0 6. Nc3 Nc6 7. Nf3 d5 8. cxd5 exd5 9. Qc2 Bg4 10. Be3 Qd7 11. Rd1 Rfe8 12. 0-0 Bf5 13. Qc1 Ng4 14. Nxd5 Qxd5 15. Ne5 Be4 16. f3 Ncxe5 17. fxe4 Qb5 18. Bf4 Ng6 19. h3 Nf6 20. e5 Nh5 21. Kh2 Nhxf4 22. gxf4 Qxe2 23. Kh1 Nh4 24. Bxb7 Rab8 25. Bc6 Re6 26. a3 Nf5 27. Rg1 Ne3 28. Rxg7+ Kxg7 29. Rg1+ Kh8 30. axb4 Rh6 31. Rg3 Nf5 32. Rf3 Rg8 0-1

[Event "Monarch Assurance 11th"]
[Site "Port Erin"]
[Date "2002.10.04"]
[Round "7"]
[White "Lutton, E Josiah"]
[Black "Goodger, Martyn"]
[Result "0-1"]
[WhiteElo "2045"]
[BlackElo "2133"]
[PlyCount "82"]
[EventDate "2002.09.28"]
[EventType "swiss"]
[EventRounds "9"]
[EventCountry "IOM"]
[SourceTitle "CBM 090 Extra"]
[Source "ChessBase"]
[SourceDate "2002.11.07"]
[SourceVersion "1"]
[SourceVersionDate "2002.11.07"]
[SourceQuality "1"]

1. Nc3 d5 2. e4 d4 3. Nce2 e5 4. Ng3 Be6 5. d3 Nc6 6. f4 Bb4+ 7. Kf2 exf4 8. Bxf4 Nf6 9. Be2 Bd6 10. Bxd6 Qxd6 11. Nh5 Nxh5 12. Bxh5 0-0 13. Qe1 f5 14. e5 Nxe5 15. h3 g6 16. Be2 Rae8 17. Nf3 Nxf3 18. Bxf3 Bd5 19. Bxd5+ Qxd5 20. Qd2 f4 21. Rhe1 Re3 22. Kg1 Qg5 23. Qf2 c5 24. c3 f3 25. cxd4 cxd4 26. g4 Rxd3 27. Rad1 Re3 28. Rf1 Qf4 29. Rde1 a6 30. a3 b6 31. b4 Rf7 32. a4 Kf8 33. b5 a5 34. Kh1 Qe4 35. Kg1 Qf4 36. Kh1 Kg8 37. Kg1 h6 38. Kh1 Qe4 39. Kg1 Qf4 40. Kh1 Kg7 41. Kg1 Rfe7 0-1